[Event "WLS-chT 1718"]
[Site "Wales"]
[Date "2018.05.20"]
[Round "5.1"]
[White "Strugnell, Carl"]
[Black "Phillips, Roy Jean Noel"]
[Result "1-0"]
[WhiteElo "2317"]
[BlackElo "2170"]
[PlyCount "93"]
[EventDate "2017.10.22"]
[EventType "team-tourn"]
[EventRounds "5"]
[EventCountry "WLS"]
[SourceTitle "EXT 2020"]
[Source "ChessBase"]
[SourceDate "2019.10.17"]
[SourceVersion "1"]
[SourceVersionDate "2019.10.17"]
[SourceQuality "1"]
[WhiteTeam "White Knights"]
[BlackTeam "Nidum"]
[WhiteTeamCountry "WLS"]
[BlackTeamCountry "WLS"]

1. e4 g6 2. d4 Bg7 3. Nf3 d6 4. c3 Nf6 5. Bd3 0-0 6. 0-0 Nc6 7. h3 e5 8. Re1 h6 9. Na3 Nh5 10. Bb5 Bd7 11. Nc2 Nxd4 12. Ncxd4 exd4 13. Bxd7 Qxd7 14. cxd4 Nf6 15. Qc2 Rae8 16. Bf4 Re7 17. e5 Nd5 18. Bg3 Rfe8 19. Red1 dxe5 20. Bxe5 c6 21. a3 Re6 22. b4 a6 23. Rab1 Qe7 24. Qb3 Bf8 25. Nd2 Qh4 26. Nf3 Qd8 27. Rbc1 Kh7 28. Nd2 Qh4 29. Qf3 f6 30. Bg3 Qxd4 31. Nc4 Qe4 32. Qb3 f5 33. f3 Qe2 34. Rd2 Qxd2 35. Nxd2 Re2 36. Nf1 Bg7 37. Rc2 Bd4+ 38. Kh2 f4 39. Rxe2 Rxe2 40. Bxf4 Re1 41. Qd3 Bb6 42. Bg3 Rc1 43. h4 h5 44. Be5 Re1 45. f4 Kh6 46. Qh3 Bd8 47. Qc8 1-0

[Event "BCF-chT1b 1718 (4NCL)"]
[Site "England"]
[Date "2018.01.13"]
[Round "3.85"]
[White "Nettleton, Charlie"]
[Black "Phillips, Roy Jean Noel"]
[Result "0-1"]
[WhiteElo "2027"]
[BlackElo "2193"]
[PlyCount "60"]
[EventDate "2017.11.11"]
[EventType "team-swiss"]
[EventRounds "11"]
[EventCountry "ENG"]
[SourceTitle "EXT 2019"]
[Source "ChessBase"]
[SourceDate "2018.10.10"]
[SourceVersion "1"]
[SourceVersionDate "2018.10.10"]
[SourceQuality "1"]
[WhiteTeam "Cambridge University"]
[BlackTeam "West is Best"]
[WhiteTeamCountry "ENG"]
[BlackTeamCountry "ENG"]

1. Nf3 d6 2. g3 e5 3. d3 f5 4. Bg2 Be7 5. c4 Nf6 6. b4 0-0 7. Qb3 Kh8 8. Bb2 Qe8 9. Nbd2 Nc6 10. 0-0 Qh5 11. Rac1 f4 12. c5 Bh3 13. cxd6 Bxd6 14. b5 Nd4 15. Bxd4 exd4 16. Ne4 Rae8 17. Nfg5 Bxg2 18. Kxg2 Ng4 19. Rh1 Nxf2 20. Kxf2 fxg3+ 21. Ke1 Bf4 22. Rc5 g2 23. Rg1 Qxh2 24. Nf3 Bg3+ 25. Kd2 Rxf3 26. Qd1 Re3 27. Rf5 Qh3 28. Rf7 Qe6 29. Rf3 Qxa2+ 30. Qc2 Rxe2+ 0-1

[Event "Mauritius Masters"]
[Site "Mauritius"]
[Date "2017.04.01"]
[Round "7"]
[White "Backory, Sanju"]
[Black "Phillips, Roy Jean Noel"]
[Result "0-1"]
[WhiteElo "1820"]
[BlackElo "2186"]
[PlyCount "78"]
[EventDate "2017.03.18"]
[EventType "tourn"]
[EventRounds "9"]
[EventCountry "MRI"]
[SourceTitle "CBM 177 Extra"]
[Source "ChessBase"]
[SourceDate "2017.04.27"]
[SourceVersion "1"]
[SourceVersionDate "2017.04.27"]
[SourceQuality "1"]

1. e4 c6 2. Nf3 d5 3. exd5 cxd5 4. d4 Bg4 5. Be2 Nf6 6. 0-0 e6 7. Ne5 Bxe2 8. Qxe2 Nc6 9. Nf3 Qc7 10. c3 Bd6 11. Bg5 Ne4 12. Bh4 0-0 13. Nbd2 f5 14. c4 Nxd2 15. Qxd2 dxc4 16. Bg3 Rad8 17. Bxd6 Qxd6 18. Qe2 Rfe8 19. Rad1 Qd5 20. Rfe1 h6 21. h3 b5 22. Ne5 Nxe5 23. Qxe5 Qxe5 24. Rxe5 Rd5 25. f4 Kf7 26. Kf2 Red8 27. Rxd5 Rxd5 28. Ke3 Rd7 29. g3 Ke7 30. g4 Kd6 31. Kf3 Kd5 32. Re1 b4 33. Ke3 fxg4 34. hxg4 Rc7 35. Rc1 c3 36. bxc3 Rxc3+ 37. Rxc3 bxc3 38. Kd3 c2 39. Kxc2 Kxd4 0-1

[Event "Mauritius Masters"]
[Site "Mauritius"]
[Date "2017.03.18"]
[Round "1"]
[White "Chan, Christophe"]
[Black "Phillips, Roy Jean Noel"]
[Result "0-1"]
[WhiteElo "1618"]
[BlackElo "2186"]
[PlyCount "46"]
[EventDate "2017.03.18"]
[EventType "tourn"]
[EventRounds "9"]
[EventCountry "MRI"]
[SourceTitle "CBM 177 Extra"]
[Source "ChessBase"]
[SourceDate "2017.04.27"]
[SourceVersion "1"]
[SourceVersionDate "2017.04.27"]
[SourceQuality "1"]

1. e3 d5 2. d3 Nf6 3. a3 c6 4. Nd2 Bf5 5. b3 e6 6. Bb2 Nbd7 7. Ngf3 h6 8. Be2 Bh7 9. c4 Bd6 10. 0-0 0-0 11. Qc2 a5 12. e4 dxe4 13. dxe4 Nc5 14. Bxf6 Qxf6 15. e5 Bxe5 16. Qa2 Bxa1 17. Rxa1 Qc3 18. Bd1 Rfd8 19. Nf1 Nd3 20. a4 Nc1 21. Qa3 Rxd1 22. Rxc1 Rxc1 23. Qe7 Rxf1+ 0-1

[Event "Olympiad-42"]
[Site "Baku"]
[Date "2016.09.10"]
[Round "8.1"]
[White "Phillips, Roy Jean Noel"]
[Black "Seijp V/D, Quintin"]
[Result "1/2-1/2"]
[WhiteElo "2234"]
[BlackElo "1924"]
[PlyCount "61"]
[EventDate "2016.09.02"]
[EventType "team-swiss"]
[EventRounds "11"]
[EventCountry "AZE"]
[SourceTitle "CBM 175"]
[Source "ChessBase"]
[SourceDate "2016.11.10"]
[SourceVersion "1"]
[SourceVersionDate "2016.11.10"]
[SourceQuality "1"]
[WhiteTeam "Mauritius"]
[BlackTeam "Aruba"]
[WhiteTeamCountry "MRI"]
[BlackTeamCountry "ARN"]

1. c4 e6 2. d4 d5 3. Nc3 Nf6 4. cxd5 exd5 5. Bg5 Nbd7 6. e3 Be7 7. Qc2 c6 8. Bd3 h6 9. Bh4 0-0 10. Nge2 Re8 11. 0-0 Ne4 12. Bxe7 Qxe7 13. Bxe4 dxe4 14. Rab1 f5 15. Na4 Nb6 16. b4 Be6 17. Nf4 Nxa4 18. Nxe6 Qxe6 19. Qxa4 a6 20. Qc2 g5 21. f3 Rad8 22. Rb3 Rd5 23. f4 Qd6 24. Rb2 gxf4 25. Rxf4 Rxd4 26. Rxf5 Rxb4 27. h3 Rf8 28. Rxf8+ Qxf8 29. Rxb4 Qxb4 30. Qf2 Qc3 31. Qg3+ 1/2-1/2

[Event "Port Louis zt 4.3"]
[Site "Port Louis"]
[Date "2016.04.25"]
[Round "2"]
[White "Phillips, Roy Jean Noel"]
[Black "Domingos, Paulino"]
[Result "1/2-1/2"]
[WhiteElo "2223"]
[BlackElo "2178"]
[PlyCount "164"]
[EventDate "2016.04.24"]
[EventType "swiss"]
[EventRounds "9"]
[EventCountry "MRI"]
[SourceTitle "CBM 172 Extra"]
[Source "ChessBase"]
[SourceDate "2016.06.21"]
[SourceVersion "1"]
[SourceVersionDate "2016.06.21"]
[SourceQuality "1"]

1. g3 e5 2. Bg2 Bc5 3. d3 Nf6 4. Nf3 d6 5. 0-0 0-0 6. c3 Bb6 7. Nbd2 c6 8. Qc2 h6 9. Nc4 Bc7 10. e4 Be6 11. Ne3 Nbd7 12. Nh4 d5 13. Nhf5 Bb6 14. h3 d4 15. cxd4 Bxd4 16. Nxd4 exd4 17. Nc4 Nb6 18. b3 Nxc4 19. bxc4 Nd7 20. Ba3 c5 21. f4 Qa5 22. Bc1 f6 23. Rb1 Rab8 24. Bd2 Qc7 25. Qd1 b5 26. Rxb5 Rxb5 27. cxb5 Bxa2 28. Qa4 Bf7 29. Ra1 Rb8 30. Qxa7 Rb7 31. Qa8+ Qb8 32. Qxb8+ Rxb8 33. Rb1 c4 34. dxc4 Bxc4 35. Bf1 d3 36. Kf2 Rxb5 37. Rxb5 Bxb5 38. Ke3 Nc5 39. Kd4 Nb3+ 40. Ke3 Nc5 41. Kd4 Nb3+ 42. Kc3 Nc5 43. Bg2 Ba6 44. Be3 Nd7 45. Kd2 Kf7 46. Bf1 h5 47. Bxd3 Bxd3 48. Kxd3 g6 49. f5 gxf5 50. exf5 Ne5+ 51. Ke4 Nc4 52. Bf4 Nb2 53. Kd4 Ke7 54. Ke4 Nd1 55. Kf3 Nc3 56. g4 hxg4+ 57. Kxg4 Nd5 58. h4 Kf7 59. Bd2 Ne7 60. Bb4 Nd5 61. Bd2 Kg7 62. Kf3 Nb6 63. Ke4 Nc4 64. Bf4 Nb2 65. Kd5 Nd3 66. Be3 Kf7 67. h5 Ne5 68. Bf4 Nd3 69. Be3 Ne5 70. h6 Ng4 71. Bf4 Nf2 72. Bd6 Ng4 73. Bf4 Nf2 74. Kd4 Kg8 75. Kd5 Kf7 76. Bd2 Nd3 77. Bc3 Nf2 78. h7 Kg7 79. Bxf6+ Kxh7 80. Bd4 Ng4 81. Ke4 Nh6 82. f6 Kg6 1/2-1/2

[Event "Africa zt 4.3 op"]
[Site "Blantyre"]
[Date "2015.04.19"]
[Round "2.1"]
[White "Phillips, Roy Jean Noel"]
[Black "Jere, Daniel"]
[Result "0-1"]
[WhiteElo "2241"]
[BlackElo "2367"]
[PlyCount "106"]
[EventDate "2015.04.18"]
[EventType "swiss"]
[EventRounds "9"]
[EventCountry "MWI"]
[SourceTitle "EXT 2024"]
[Source "ChessBase"]
[SourceDate "2023.10.10"]
[SourceVersion "1"]
[SourceVersionDate "2023.10.10"]
[SourceQuality "1"]

1. d4 Nf6 2. c4 g6 3. Nc3 Bg7 4. e4 d6 5. Be2 0-0 6. Nf3 c5 7. 0-0 cxd4 8. Nxd4 Nc6 9. Be3 Nxd4 10. Bxd4 Qa5 11. Qd3 Bd7 12. f4 Bc6 13. Nd5 Bxd5 14. exd5 Nd7 15. Bxg7 Kxg7 16. Qd4+ Kg8 17. a3 Qb6 18. Qxb6 Nxb6 19. a4 a5 20. Bd3 Nd7 21. Rad1 Nc5 22. Bc2 Ra6 23. Rf3 Rb6 24. b3 e6 25. Re3 Re8 26. Rde1 Rd8 27. Rd1 exd5 28. Rxd5 Kf8 29. Rd1 Re8 30. Rde1 Rxe3 31. Rxe3 Rc6 32. Kf2 Rc7 33. Re1 Re7 34. Rd1 Re6 35. Kf3 Ke7 36. g4 Kd7 37. g5 Kc6 38. h4 b6 39. h5 Re7 40. Kf2 Rd7 41. f5 gxh5 42. Kg3 h4+ 43. Kxh4 Re7 44. f6 Re2 45. Bf5 Nxb3 46. Bg4 Rc2 47. Be6 fxe6 48. Rf1 Rxc4+ 49. Kh5 Nc5 50. Kh6 Rh4+ 51. Kg7 Rh5 52. f7 Nd7 53. Rc1+ Kb7 0-1

[Event "Africa zt 4.3 op"]
[Site "Blantyre"]
[Date "2015.04.19"]
[Round "3.3"]
[White "Phiri, Richmond"]
[Black "Phillips, Roy Jean Noel"]
[Result "1/2-1/2"]
[WhiteElo "2261"]
[BlackElo "2241"]
[PlyCount "86"]
[EventDate "2015.04.18"]
[EventType "swiss"]
[EventRounds "9"]
[EventCountry "MWI"]
[SourceTitle "EXT 2024"]
[Source "ChessBase"]
[SourceDate "2023.10.10"]
[SourceVersion "1"]
[SourceVersionDate "2023.10.10"]
[SourceQuality "1"]

1. d4 Nf6 2. Nf3 e6 3. c4 Bb4+ 4. Bd2 Qe7 5. e3 0-0 6. Be2 Bxd2+ 7. Qxd2 d6 8. Nc3 Re8 9. 0-0-0 e5 10. h3 Bd7 11. g4 exd4 12. Nxd4 Nc6 13. g5 Ne4 14. Nxe4 Qxe4 15. Bd3 Qe5 16. h4 Qa5 17. Qxa5 Nxa5 18. Kd2 Nc6 19. f4 Re7 20. Nc2 a5 21. Nd4 Nxd4 22. exd4 Bg4 23. Rde1 Rae8 24. Rxe7 Rxe7 25. a3 Kf8 26. b4 Bf3 27. Re1 Rxe1 28. Kxe1 axb4 29. axb4 h6 30. Kf2 Bd1 31. Ke3 Ke7 32. d5 Bg4 33. Kd4 f6 34. c5 Bd7 35. Be4 Bg4 36. Kc4 Be2+ 37. Kd4 Bg4 38. gxh6 gxh6 39. f5 Bh3 40. Ke3 Bg4 41. Kf4 Be2 42. Bc2 Bc4 43. Ke4 Bb5 1/2-1/2

[Event "Olympiad-41"]
[Site "Tromsoe"]
[Date "2014.08.03"]
[Round "2.1"]
[White "Phillips, Roy Jean Noel"]
[Black "Garcia, Ricardo1"]
[Result "0-1"]
[WhiteElo "2272"]
[BlackElo "2215"]
[PlyCount "94"]
[EventDate "2014.08.02"]
[EventType "team-swiss"]
[EventRounds "11"]
[EventCountry "NOR"]
[SourceTitle "CBM 162"]
[Source "ChessBase"]
[SourceDate "2014.09.17"]
[SourceVersion "1"]
[SourceVersionDate "2014.09.17"]
[SourceQuality "1"]
[WhiteTeam "Mauritius"]
[BlackTeam "Nicaragua"]
[WhiteTeamCountry "MRI"]
[BlackTeamCountry "NCA"]

1. d4 Nf6 2. c4 e6 3. g3 Bb4+ 4. Bd2 Be7 5. Bg2 d5 6. Nf3 0-0 7. 0-0 c6 8. Qc2 b6 9. Bg5 Ba6 10. Nbd2 Nbd7 11. a3 Rc8 12. b4 c5 13. dxc5 Bxc4 14. Nxc4 dxc4 15. Qxc4 bxc5 16. b5 Nb6 17. Qc2 h6 18. Bc1 Qe8 19. Rb1 Nfd7 20. Nd2 Bg5 21. Bc6 Qe7 22. Nb3 Bf6 23. Bb2 c4 24. Na5 Nb8 25. a4 c3 26. Bxc3 Bxc3 27. Qxc3 Nxa4 28. Qd4 Nb6 29. Rfc1 Rfd8 30. Qe3 Qf6 31. Ra1 Rc7 32. Nb7 Rdc8 33. Rxa7 Nxc6 34. Qxb6 Nxa7 35. Rxc7 Rxc7 36. Qxc7 Nxb5 37. Qb8+ Kh7 38. Nc5 Qb2 39. Qb7 Qc1+ 40. Kg2 Qxc5 41. Qxf7 Qd5+ 42. f3 Qe5 43. e4 Qb2+ 44. Kh3 Nd4 45. f4 Nf3 46. Qxe6 Ng1+ 47. Kg4 Qe2+ 0-1

[Event "Olympiad-40"]
[Site "Istanbul"]
[Date "2012.09.09"]
[Round "11.1"]
[White "Phillips, Roy Jean Noel"]
[Black "Ferster, Fabian"]
[Result "1-0"]
[WhiteElo "2257"]
[BlackElo "2144"]
[PlyCount "49"]
[EventDate "2012.08.28"]
[EventType "team-swiss"]
[EventRounds "11"]
[EventCountry "TUR"]
[SourceTitle "CBM 151"]
[Source "ChessBase"]
[SourceDate "2012.11.13"]
[SourceVersion "1"]
[SourceVersionDate "2012.11.13"]
[SourceQuality "1"]
[WhiteTeam "Mauritius"]
[BlackTeam "Liechtenstein"]
[WhiteTeamCountry "MRI"]
[BlackTeamCountry "LIE"]

1. b3 e5 2. Bb2 d6 3. e3 Nf6 4. c4 Nc6 5. Nc3 g6 6. Nf3 Bg7 7. d4 exd4 8. Nxd4 Nxd4 9. Qxd4 0-0 10. Be2 Ng4 11. Qd2 Qf6 12. f3 Ne5 13. 0-0-0 Be6 14. f4 Nc6 15. g4 Rfe8 16. g5 Qe7 17. Bf3 a5 18. Rhe1 Reb8 19. Ne4 Bf5 20. Nf6+ Bxf6 21. Bxf6 Qf8 22. Ba1 Nb4 23. Qb2 f6 24. a3 Nc2 25. Bd5+ 1-0

[Event "Olympiad-39"]
[Site "Khanty-Mansiysk"]
[Date "2010.09.23"]
[Round "3.1"]
[White "Phillips, Roy Jean Noel"]
[Black "Mesfin, Leykun"]
[Result "1-0"]
[WhiteElo "2248"]
[BlackElo "2160"]
[PlyCount "91"]
[EventDate "2010.09.21"]
[EventType "team-swiss"]
[EventRounds "11"]
[EventCountry "RUS"]
[SourceTitle "CBM 139"]
[Source "ChessBase"]
[SourceDate "2010.11.18"]
[SourceVersion "1"]
[SourceVersionDate "2010.11.18"]
[SourceQuality "1"]
[WhiteTeam "Mauritius"]
[BlackTeam "Ethiopia"]
[WhiteTeamCountry "MRI"]
[BlackTeamCountry "ETH"]

1. d4 Nf6 2. c4 g6 3. Nc3 Bg7 4. e4 d6 5. Be2 c5 6. d5 0-0 7. h3 e6 8. Nf3 exd5 9. exd5 a6 10. 0-0 Re8 11. Bd3 Nbd7 12. Re1 Nf8 13. Bf4 Rxe1+ 14. Qxe1 Nh5 15. Bg5 f6 16. Bd2 f5 17. Bg5 Bf6 18. Qd2 Bd7 19. Re1 Bxg5 20. Nxg5 Qf6 21. Be2 Re8 22. Rd1 Ng7 23. Qf4 Re5 24. Nf3 Re8 25. a3 Nh5 26. Qd2 Qe7 27. Bd3 Qg7 28. b4 b6 29. Rb1 Nf6 30. bxc5 bxc5 31. Rb7 Ne4 32. Bxe4 fxe4 33. Ng5 Qd4 34. Qxd4 cxd4 35. Ncxe4 d3 36. Nf6+ Kh8 37. Nxe8 d2 38. Rb1 Ba4 39. Nxd6 d1Q+ 40. Rxd1 Bxd1 41. c5 Nd7 42. Nge4 Bb3 43. c6 Nb6 44. Nc5 Bxd5 45. c7 a5 46. Nd7 1-0

[Event "Monarch Assurance 16th"]
[Site "Port Erin"]
[Date "2007.09.30"]
[Round "9"]
[White "Fox, Anthony"]
[Black "Phillips, Roy Jean Noel"]
[Result "1/2-1/2"]
[WhiteElo "2084"]
[BlackElo "2271"]
[PlyCount "63"]
[EventDate "2007.09.22"]
[EventType "swiss"]
[EventRounds "9"]
[EventCountry "IOM"]
[SourceTitle "CBM 120 Extra"]
[Source "ChessBase"]
[SourceDate "2007.11.01"]
[SourceVersion "1"]
[SourceVersionDate "2007.11.01"]
[SourceQuality "1"]

1. e4 e6 2. d3 d5 3. Nd2 Nf6 4. Ngf3 Bc5 5. e5 Nfd7 6. c3 Bb6 7. d4 c5 8. Be2 Nc6 9. Nb3 cxd4 10. cxd4 0-0 11. 0-0 f6 12. exf6 Qxf6 13. Bg5 Qf7 14. Bh4 Nf6 15. Bg3 Ne4 16. Ne5 Qe8 17. Nxc6 Nxg3 18. hxg3 bxc6 19. Rc1 Rb8 20. Qd2 Rf6 21. Nc5 e5 22. dxe5 Qxe5 23. b4 Bf5 24. Bf3 Rd6 25. Rfe1 Qf6 26. a3 Rf8 27. Rcd1 Bxc5 28. bxc5 Rd7 29. Qd4 Rb7 30. g4 Qxd4 31. Rxd4 Bg6 32. Re6 1/2-1/2

[Event "Monarch Assurance 16th"]
[Site "Port Erin"]
[Date "2007.09.27"]
[Round "6"]
[White "Phillips, Roy Jean Noel"]
[Black "Majer, Christopher"]
[Result "0-1"]
[WhiteElo "2271"]
[BlackElo "2041"]
[PlyCount "98"]
[EventDate "2007.09.22"]
[EventType "swiss"]
[EventRounds "9"]
[EventCountry "IOM"]
[SourceTitle "CBM 120 Extra"]
[Source "ChessBase"]
[SourceDate "2007.11.01"]
[SourceVersion "1"]
[SourceVersionDate "2007.11.01"]
[SourceQuality "1"]

1. d4 Nf6 2. Nf3 c5 3. e3 e6 4. c4 b6 5. Nc3 Bb7 6. Bd3 Be7 7. 0-0 0-0 8. d5 exd5 9. cxd5 d6 10. e4 Nbd7 11. h3 a6 12. a4 Qc7 13. Bc4 Rfe8 14. Re1 Bf8 15. Bf4 g6 16. Nd2 Ne5 17. Be2 Bg7 18. Bh2 Ned7 19. Bf1 Rad8 20. Qb3 Bf8 21. Rad1 Ne5 22. f4 Ned7 23. Nc4 Nh5 24. e5 Ng7 25. Ne4 Nf5 26. e6 fxe6 27. dxe6 Kh8 28. Nexd6 Nxd6 29. exd7 Rxe1 30. Rxe1 Qxd7 31. Nxb6 Qc6 32. f5 Nxf5 33. Be5+ Bg7 34. Nc4 Nd4 35. Bxg7+ Kxg7 36. Re7+ Kf6 37. Rxb7 Nxb3 38. Rb6 Qxb6 39. Nxb6 Rd1 40. Kf2 Rd2+ 41. Kg3 Na5 42. Kf3 Ke6 43. b3 Rb2 44. Nc4 Nxc4 45. Bxc4+ Ke5 46. g3 Kd4 47. Bg8 h6 48. Bf7 Kc3 49. Bxg6 Rxb3 0-1

[Event "Monarch Assurance 16th"]
[Site "Port Erin"]
[Date "2007.09.26"]
[Round "5"]
[White "Waters, Michael"]
[Black "Phillips, Roy Jean Noel"]
[Result "1/2-1/2"]
[WhiteElo "2096"]
[BlackElo "2271"]
[PlyCount "51"]
[EventDate "2007.09.22"]
[EventType "swiss"]
[EventRounds "9"]
[EventCountry "IOM"]
[SourceTitle "CBM 120 Extra"]
[Source "ChessBase"]
[SourceDate "2007.11.01"]
[SourceVersion "1"]
[SourceVersionDate "2007.11.01"]
[SourceQuality "1"]

1. e4 e6 2. b3 d5 3. Bb2 dxe4 4. Nc3 Nf6 5. Qe2 Bb4 6. 0-0-0 Qe7 7. Nxe4 Ba3 8. Nf3 Bd7 9. Ne5 Bxb2+ 10. Kxb2 Bc6 11. Ng5 0-0 12. f4 a5 13. a4 Bxa4 14. Ra1 Bc6 15. Qe3 Bd5 16. Bd3 Nbd7 17. Rhe1 a4 18. Qh3 h6 19. Ngxf7 Rxf7 20. Nxf7 Kxf7 21. c4 Qb4 22. cxd5 Qxd2+ 23. Bc2 a3+ 24. Rxa3 Rxa3 25. dxe6+ Ke7 26. Qe3 1/2-1/2

[Event "Reunion op"]
[Site "Reunion"]
[Date "2005.11.13"]
[Round "6"]
[White "Lorans, Sylvain"]
[Black "Phillips, Roy Jean Noel"]
[Result "1/2-1/2"]
[WhiteElo "2149"]
[BlackElo "2212"]
[PlyCount "52"]
[EventDate "2005.11.11"]
[EventType "swiss"]
[EventRounds "9"]
[EventCountry "RUF"]
[SourceTitle "EXT 2008"]
[Source "ChessBase"]
[SourceDate "2007.11.25"]
[SourceVersion "1"]
[SourceVersionDate "2007.11.25"]
[SourceQuality "1"]

1. d4 Nf6 2. Bg5 Ne4 3. Bf4 g6 4. Nd2 Nxd2 5. Qxd2 Bg7 6. Bh6 Bf6 7. e4 d6 8. 0-0-0 c6 9. f4 Rg8 10. e5 Bh8 11. Nf3 Bg4 12. Be2 d5 13. Ng5 Bxe2 14. Qxe2 e6 15. Qg4 Na6 16. Qh3 Qd7 17. g4 0-0-0 18. Rhf1 f6 19. exf6 Bxf6 20. f5 gxf5 21. gxf5 Rxg5 22. fxe6 Qe7 23. Rxf6 Rg6 24. Bf8 Qxf6 25. e7+ Kc7 26. Rf1 Qg5+ 1/2-1/2

[Event "Reunion op"]
[Site "Reunion"]
[Date "2005.11.13"]
[Round "5"]
[White "Phillips, Roy Jean Noel"]
[Black "Hoareau, Benjamin"]
[Result "1-0"]
[WhiteElo "2212"]
[BlackElo "2016"]
[PlyCount "76"]
[EventDate "2005.11.11"]
[EventType "swiss"]
[EventRounds "9"]
[EventCountry "RUF"]
[SourceTitle "EXT 2008"]
[Source "ChessBase"]
[SourceDate "2007.11.25"]
[SourceVersion "1"]
[SourceVersionDate "2007.11.25"]
[SourceQuality "1"]

1. d4 Nf6 2. Nf3 g6 3. c4 d5 4. Nc3 Bg7 5. Bg5 Ne4 6. cxd5 Nxc3 7. bxc3 Qxd5 8. h3 c5 9. e3 a6 10. Bd3 c4 11. Bc2 Nc6 12. Qe2 b5 13. 0-0 0-0 14. a4 Rb8 15. Rfb1 Re8 16. axb5 axb5 17. Ra2 Qd7 18. Be4 Qc7 19. Bf4 e5 20. Bxc6 Qxc6 21. Bxe5 Bxe5 22. Nxe5 Rxe5 23. dxe5 Bf5 24. Rba1 b4 25. cxb4 c3 26. Rc1 Rxb4 27. Qa6 Qd5 28. Qf6 Rb8 29. e4 Be6 30. Rac2 Rb3 31. Qf3 Qxe5 32. Rxc3 Rb4 33. Re3 Rb2 34. Rce1 h5 35. Qg3 Qc5 36. Kh1 Kh7 37. f4 Rb5 38. Ra3 Qf8 1-0

[Event "Lausanne op"]
[Site "Lausanne"]
[Date "2005.09.17"]
[Round "2"]
[White "Malakhatko, Vadim"]
[Black "Phillips, Roy Jean Noel"]
[Result "0-1"]
[WhiteElo "2556"]
[BlackElo "2212"]
[PlyCount "92"]
[EventDate "2005.09.16"]
[EventType "swiss"]
[EventRounds "7"]
[EventCountry "SUI"]
[SourceTitle "CBM 108 Extra"]
[Source "ChessBase"]
[SourceDate "2005.11.04"]
[SourceVersion "1"]
[SourceVersionDate "2005.11.04"]
[SourceQuality "1"]

1. d4 Nf6 2. Nf3 g6 3. Bg5 Bg7 4. c3 b6 5. e3 Bb7 6. Nbd2 0-0 7. Be2 d6 8. 0-0 Nbd7 9. Re1 e5 10. Nc4 e4 11. Nfd2 h6 12. Bh4 g5 13. Bg3 Ne8 14. f3 d5 15. Na3 f5 16. c4 f4 17. Bf2 Nd6 18. cxd5 fxe3 19. Bxe3 Nf5 20. Nf1 exf3 21. Bxf3 Nh4 22. Be2 Bxd5 23. Bc4 Nf6 24. Qb3 Kh8 25. Re2 Qd7 26. Rae1 Rae8 27. Nc2 c6 28. Ng3 b5 29. Bxd5 Nxd5 30. Qd3 Nxe3 31. Rxe3 Qd5 32. Ne4 Rd8 33. Kh1 a6 34. Qe2 Nf5 35. Nc3 Nxd4 36. Nxd5 Nxe2 37. Ne7 Nf4 38. Nb4 c5 39. Nxa6 Bd4 40. Rf3 Bf6 41. Rxf4 Bxe7 42. Rfe4 Bd6 43. Re6 Kg7 44. g3 Rf6 45. Re8 Rxe8 46. Rxe8 Kf7 0-1

[Event "Olympiad-36"]
[Site "Mallorca"]
[Date "2004.10.29"]
[Round "14"]
[White "Russell, MKA"]
[Black "Phillips, Roy Jean Noel"]
[Result "1/2-1/2"]
[WhiteElo "2221"]
[BlackElo "2229"]
[PlyCount "65"]
[EventDate "2004.10.15"]
[EventType "team-swiss"]
[EventRounds "14"]
[EventCountry "ESP"]
[SourceTitle "CBM 104"]
[Source "ChessBase"]
[SourceDate "2005.01.27"]
[SourceVersion "1"]
[SourceVersionDate "2005.01.27"]
[SourceQuality "1"]
[WhiteTeam "Sri Lanka"]
[BlackTeam "Mauritius"]
[WhiteTeamCountry "SRI"]
[BlackTeamCountry "MRI"]

1. e4 e6 2. d4 d5 3. Nc3 Bb4 4. e5 Ne7 5. a3 Bxc3+ 6. bxc3 b6 7. a4 Ba6 8. Bb5+ Bxb5 9. axb5 c6 10. Qd3 Qd7 11. bxc6 Nbxc6 12. Ne2 Na5 13. 0-0 Qc6 14. Ba3 Nc4 15. Bxe7 Kxe7 16. Qg3 Kf8 17. Qg5 Qd7 18. Ng3 h6 19. Qg4 Qe7 20. f4 Ne3 21. Qf3 Nxf1 22. Rxf1 g6 23. c4 Rd8 24. cxd5 Rxd5 25. f5 gxf5 26. Nxf5 Qd7 27. Nd6 f5 28. Qf4 b5 29. c3 Qg7 30. Nxf5 exf5 31. Qxf5+ Ke7 32. Qe4 Rhd8 33. e6 1/2-1/2

[Event "Olympiad-36"]
[Site "Mallorca"]
[Date "2004.10.27"]
[Round "12"]
[White "Phillips, Roy Jean Noel"]
[Black "Zahiruddin, Asefi"]
[Result "0-1"]
[WhiteElo "2229"]
[BlackElo "2064"]
[PlyCount "68"]
[EventDate "2004.10.15"]
[EventType "team-swiss"]
[EventRounds "14"]
[EventCountry "ESP"]
[SourceTitle "CBM 104"]
[Source "ChessBase"]
[SourceDate "2005.01.27"]
[SourceVersion "1"]
[SourceVersionDate "2005.01.27"]
[SourceQuality "1"]
[WhiteTeam "Mauritius"]
[BlackTeam "Afghanistan"]
[WhiteTeamCountry "MRI"]
[BlackTeamCountry "AFG"]

1. e4 g6 2. d4 Bg7 3. Nc3 d6 4. Be3 Nd7 5. Qd2 c5 6. d5 a6 7. a4 Qa5 8. Nd1 Qc7 9. a5 Rb8 10. f3 Ne5 11. Be2 Bd7 12. Nc3 Nf6 13. h3 Bc8 14. f4 Ned7 15. Nf3 0-0 16. 0-0 b5 17. axb6 Rxb6 18. Ra2 Rb4 19. e5 Nh5 20. e6 fxe6 21. Ng5 Ndf6 22. Bxh5 Nxh5 23. Nxe6 Bxe6 24. dxe6 Qb7 25. Nd5 Rd4 26. Bxd4 Bxd4+ 27. Ne3 Qe4 28. Ra3 Nxf4 29. Kh2 Bxb2 30. Rxa6 Bd4 31. Nd1 Qxe6 32. Rxf4 Rxf4 33. Ra8+ Kg7 34. g3 Re4 0-1